Nghiên cứu xác định axit hữu cơ trong lá cây sống đời (Kalanchoe pinnata) ở xã Hoà Liên, huyện Hoà Vang, thành phố Đà Nẵng

Bài báo cáo trình bày các kết quả nghiên cứu chiết tách, định danh, định lượng một số axit hữu cơ có trong lá cây sống đời ở xã Hoà Liên, huyện Hoà Vang, thành phố Đà Nẵng. Trong bài báo cáo sử dụng phương pháp trọng lượng và phương pháp chuẩn độ axit – bazơ để định lượng được tổng lượng axit có tro...

全面介紹

Đã lưu trong:
書目詳細資料
主要作者: Trương Văn Cương
其他作者: Đào Hùng Cường GS.TS (Hướng dẫn)
格式: 圖書
出版: Đà Nẵng Đại học Sư phạm, Đại học Đà Nẵng 2012
主題:
標簽: 添加標簽
沒有標簽, 成為第一個標記此記錄!
Thư viện lưu trữ: Mạng thư viện Đại học Đà Nẵng
LEADER 02212nam a2200337 4500
001 000017617
003 14036
005 20130510100521.0
008 130503s2012 sd
082 |a 615.19  |b TR-C 
100 1 |a Trương Văn Cương 
245 |a Nghiên cứu xác định axit hữu cơ trong lá cây sống đời (Kalanchoe pinnata) ở xã Hoà Liên, huyện Hoà Vang, thành phố Đà Nẵng  |c Trương Văn Cương ; Đào Hùng Cường hướng dẫn  |k Khóa luận tốt nghiệp 
260 |a Đà Nẵng  |b Đại học Sư phạm, Đại học Đà Nẵng  |c 2012 
300 |a 47 tr.  |b Hình mh.  |c 29 cm.  |e Đĩa CD, bản tóm tắt 
500 |a Khóa luận tốt nghiệp đại học. Chuyên ngành: Sư phạm Hóa 
504 |a Mục lục đầu trang, tài liệu tham khảo tr. 73 - 74, phụ lục [13 tr.] 
520 |a Bài báo cáo trình bày các kết quả nghiên cứu chiết tách, định danh, định lượng một số axit hữu cơ có trong lá cây sống đời ở xã Hoà Liên, huyện Hoà Vang, thành phố Đà Nẵng. Trong bài báo cáo sử dụng phương pháp trọng lượng và phương pháp chuẩn độ axit – bazơ để định lượng được tổng lượng axit có trong lá cây sống đời, và sử dụng phương pháp sắc kí khí ghép khối khổ (GC – MS) để định danh một vài axit có trong lá cây sống đời. 
600 1 4 |b Vua  |c Đinh Tiên Hoàng 
650 0 4 |a Axit hữu cơ  |a Lá cây sống đời  |v Khóa luận tốt nghiệp  |x Kalanchoe pinnata  |x Nghiên cứu  |z Đà Nẵng 
653 |a Khoa Hóa học  |a Axit hữu cơ  |a Lá cây sống đời 
700 |a Đào Hùng Cường  |c GS.TS  |e Hướng dẫn 
OWN |a LSP 
AVA |a UDN50  |b LSP  |d 615.19 TR-C  |e available  |t Error 5001 Not defined in file expand_doc_bib_avail.  |f 1  |g 0  |h N  |i 0  |k 1 
999 |a From the UDN01 
AVA |a UDN50  |b LSP  |d 615.19 TR-C  |e available  |t Error 5001 Not defined in file expand_doc_bib_avail.  |f 1  |g 0  |h N  |i 0  |k 1 
TYP |a Monograph 
TYP |a Printed language 
980 |a Mạng thư viện Đại học Đà Nẵng